[Event "TCh-HUN 2024-25"]
[Site "Hungary HUN"]
[Date "2025.03.02"]
[Round "6.2"]
[White "Csonka, Balazs"]
[Black "Livaic, Leon"]
[Result "1/2-1/2"]
[WhiteTitle "IM"]
[BlackTitle "GM"]
[WhiteElo "2473"]
[BlackElo "2557"]
[WhiteTeam "Duocor-Makoi SVSE"]
[BlackTeam "Aquarena Kobanya SC"]
[WhiteFideId "742910"]
[BlackFideId "14531534"]
[EventDate "2024.11.02"]
[EventType "team-tourn"]

1. d4 Nf6 2. c4 e6 3. Nf3 d5 4. g3 Bb4+ 5. Bd2 Be7 6. Bg2 O-O 7. O-O Nbd7 8. Qc2
c6 9. Bf4 a5 10. Rd1 a4 11. Ne5 Qa5 12. Nxd7 Bxd7 13. c5 b6 14. Bc7 Bd8 15. Bd6
Re8 16. Nd2 bxc5 17. Bxc5 Bc7 18. Rac1 e5 19. dxe5 Bxe5 20. Nf3 Ne4 21. Nxe5
Rxe5 22. Ba3 h5 23. Rd4 Bf5 24. Bxe4 Rxe4 25. Rxe4 dxe4 26. Qc3 Qd8 27. h4 Be6
28. Qe3 Qd5 29. Rc5 Qd1+ 30. Kh2 Qf1 31. Rc1 Qh3+ 32. Kg1 Rd8 33. b3 axb3 34.
axb3 Bd5 35. Bb2 f6 36. b4 Ra8 37. Ra1 Rxa1+ 1/2-1/2

[Event "TCh-HUN 2024-25"]
[Site "Hungary HUN"]
[Date "2025.03.02"]
[Round "6.3"]
[White "Nagy, Gabor1"]
[Black "Kovacevic, Aleksandar"]
[Result "1/2-1/2"]
[WhiteTitle "GM"]
[BlackTitle "GM"]
[WhiteElo "2458"]
[BlackElo "2447"]
[WhiteTeam "Aquarena Kobanya SC"]
[BlackTeam "Duocor-Makoi SVSE"]
[WhiteFideId "737119"]
[BlackFideId "903124"]
[EventDate "2024.11.02"]
[EventType "team-tourn"]

1. d4 Nf6 2. c4 e6 3. Nf3 d5 4. Nc3 c5 5. cxd5 cxd4 6. Qxd4 exd5 7. Bg5 Be7 8.
e3 O-O 9. Rd1 Be6 10. Bb5 h6 11. Bh4 Nc6 12. Qa4 Qb6 13. Bxf6 Bxf6 14. Nxd5 Bxd5
15. Rxd5 Ne7 16. Rd2 Rfd8 17. Bd7 Bxb2 18. O-O Qc7 19. Rfd1 Bc3 20. Rd3 Qa5 21.
Qb3 Bf6 22. h4 Ng6 23. g3 Nf8 24. e4 Qc7 25. Qb5 g6 26. Bh3 a6 27. Qb3 Rxd3 28.
Rxd3 Re8 29. Qa4 Rd8 30. Rxd8 Bxd8 31. Kg2 Qc5 32. Qd4 Qxd4 33. Nxd4 Bf6 34. Nb3
b6 35. Bc8 a5 36. a4 Bc3 37. Kf3 1/2-1/2

[Event "TCh-HUN 2024-25"]
[Site "Hungary HUN"]
[Date "2025.03.02"]
[Round "6.4"]
[White "Pezelj, Novak"]
[Black "Berczes, David"]
[Result "1/2-1/2"]
[WhiteTitle "IM"]
[BlackTitle "GM"]
[WhiteElo "2459"]
[BlackElo "2413"]
[WhiteTeam "Duocor-Makoi SVSE"]
[BlackTeam "Aquarena Kobanya SC"]
[WhiteFideId "927570"]
[BlackFideId "722960"]
[EventDate "2024.11.02"]
[EventType "team-tourn"]

1. e4 e6 2. d4 d5 3. exd5 exd5 4. Bd3 Nc6 5. c3 Bd6 6. Nf3 h6 7. O-O Nf6 8. Re1+
Ne7 9. Nbd2 O-O 10. Nf1 Bf5 11. Ne5 Re8 12. Bf4 Ne4 13. f3 Ng5 14. Ng3 Bxd3 15.
Nxd3 Bxf4 16. Nxf4 Qd6 17. Nd3 Ng6 18. Qa4 c6 19. Qb4 Qxb4 20. Nxb4 Nf4 21. a4
a5 22. Nc2 Nd3 23. Red1 Nf4 24. Re1 Nd3 25. Red1 Nf4 26. Re1 Nd3 1/2-1/2

[Event "TCh-HUN 2024-25"]
[Site "Hungary HUN"]
[Date "2025.03.02"]
[Round "6.5"]
[White "Karacsonyi, Gellert"]
[Black "Hujbert, Florian"]
[Result "1/2-1/2"]
[WhiteTitle "IM"]
[BlackTitle "IM"]
[WhiteElo "2390"]
[BlackElo "2423"]
[WhiteTeam "Aquarena Kobanya SC"]
[BlackTeam "Duocor-Makoi SVSE"]
[WhiteFideId "764620"]
[BlackFideId "730165"]
[EventDate "2024.11.02"]
[EventType "team-tourn"]

1. e4 c5 2. Nf3 Nc6 3. d4 cxd4 4. Nxd4 g6 5. c4 Bg7 6. Be3 Nf6 7. Nc3 d6 8. Be2
O-O 9. O-O Bd7 10. Rc1 Nxd4 11. Bxd4 Bc6 12. f3 a5 13. Qd2 Nd7 14. Be3 Nc5 15.
b3 e6 16. Kh1 Be5 17. Bg5 f6 18. Bh4 Qe7 19. Qe3 Qg7 20. Bg3 b6 21. Rfd1 Rad8
22. Rd2 f5 23. Bxe5 dxe5 24. exf5 gxf5 25. Rxd8 Rxd8 26. Rd1 Rd4 27. Qf2 h5 28.
Qg3 h4 29. Qxg7+ Kxg7 30. g3 hxg3 31. hxg3 1/2-1/2

[Event "TCh-HUN 2024-25"]
[Site "Hungary HUN"]
[Date "2025.03.02"]
[Round "6.6"]
[White "Horvath, Zsolt"]
[Black "Horvath, Adam1"]
[Result "0-1"]
[WhiteTitle "FM"]
[BlackTitle "GM"]
[WhiteElo "2378"]
[BlackElo "2384"]
[WhiteTeam "Duocor-Makoi SVSE"]
[BlackTeam "Aquarena Kobanya SC"]
[WhiteFideId "723070"]
[BlackFideId "708003"]
[EventDate "2024.11.02"]
[EventType "team-tourn"]

1. d4 Nf6 2. Bf4 e6 3. Nc3 d5 4. e3 Bb4 5. Ne2 O-O 6. a3 Be7 7. Ng1 c5 8. Nf3 a6
9. dxc5 Bxc5 10. Bd3 Nc6 11. O-O Bd6 12. Bxd6 Qxd6 13. e4 d4 14. Ne2 e5 15. Ng3
Be6 16. Nh4 Ne7 17. Qd2 Nd7 18. Rae1 Nc5 19. f4 exf4 20. Rxf4 Qb6 21. Nhf5 Bxf5
22. Nxf5 Ng6 23. Rg4 Qxb2 24. h4 Nxd3 25. Qxd3 h5 26. Rg3 Rfe8 27. Qd1 d3 28.
cxd3 Qc3 29. d4 Qa5 30. e5 Rad8 31. Qe2 Qb6 32. Kh1 Rxd4 33. Qxh5 Re4 34. Rxe4
Qb1+ 35. Kh2 Qxe4 36. Qg5 Rxe5 37. Qd8+ Kh7 38. Nd6 Qd5 39. Rf3 Rh5 0-1

[Event "TCh-HUN 2024-25"]
[Site "Hungary HUN"]
[Date "2025.03.02"]
[Round "6.7"]
[White "Szabo, Bence"]
[Black "Szalai, Kornel"]
[Result "0-1"]
[WhiteTitle "IM"]
[BlackTitle "IM"]
[WhiteElo "2341"]
[BlackElo "2370"]
[WhiteTeam "Aquarena Kobanya SC"]
[BlackTeam "Duocor-Makoi SVSE"]
[WhiteFideId "733776"]
[BlackFideId "724378"]
[EventDate "2024.11.02"]
[EventType "team-tourn"]

1. d4 Nf6 2. g3 c5 3. d5 e6 4. Nc3 d6 5. Bg2 Be7 6. e4 O-O 7. Nge2 exd5 8. exd5
Na6 9. h3 Nc7 10. a4 b6 11. O-O a6 12. g4 Bb7 13. Ng3 g6 14. Re1 Re8 15. Bg5 Nd7
16. Rxe7 Rxe7 17. Nge4 Ne8 18. Bxe7 Qxe7 19. Qd2 f5 20. gxf5 gxf5 21. Ng3 Ng7
22. Re1 Qf6 23. Qf4 Rf8 24. h4 h6 25. Nd1 Ne5 26. b3 Kh7 27. h5 Qg5 28. Qe3 f4
29. Qe4+ Kh8 0-1

[Event "TCh-HUN 2024-25"]
[Site "Hungary HUN"]
[Date "2025.03.02"]
[Round "6.9"]
[White "Havanecz, Bianka"]
[Black "Terbe, Julianna"]
[Result "1-0"]
[WhiteTitle "WIM"]
[BlackTitle "WIM"]
[WhiteElo "2196"]
[BlackElo "2225"]
[WhiteTeam "Aquarena Kobanya SC"]
[BlackTeam "Duocor-Makoi SVSE"]
[WhiteFideId "704814"]
[BlackFideId "708780"]
[EventDate "2024.11.02"]
[EventType "team-tourn"]

1. d4 d5 2. c4 e6 3. Nc3 c6 4. e3 Nf6 5. Nf3 Nbd7 6. Bd3 dxc4 7. Bxc4 b5 8. Bd3
Bd6 9. O-O O-O 10. e4 e5 11. Bg5 exd4 12. Nxd4 Ne5 13. Be2 Re8 14. Rc1 Qb6 15.
Bxf6 gxf6 16. Nxc6 Bc5 17. Nxe5 Rxe5 18. Nd5 Qd6 19. Qc2 Bb6 20. Bxb5 Bb7 21.
Bc4 Rae8 22. Qc3 Bxd5 23. Bxd5 Rg5 24. Qb3 Rf8 25. Rc3 Bd4 26. Rd3 Qc5 27. Rg3
Kg7 28. Rxg5+ fxg5 29. Qb7 a5 30. b3 Qd6 31. g3 h5 32. Kg2 h4 33. Qc6 Qxc6 34.
Bxc6 Rc8 35. Rc1 hxg3 36. fxg3 Kf6 37. Rc4 Ke5 38. Bd5 Rf8 39. Rc6 Bb2 40. Rc5
a4 41. bxa4 Kd4 42. Rb5 Ba3 43. Bb3 f6 44. Kf3 Rh8 45. Rd5+ Kc3 46. Rf5 Be7 47.
Kg2 Kd4 48. Rf1 Ke5 49. Bd5 Rb8 50. a5 g4 51. Rf5+ Kd4 52. Rf2 Bc5 53. a6 f5 54.
Rxf5 Kd3 55. Bb7 Be3 56. h3 1-0

[Event "TCh-HUN 2024-25"]
[Site "Hungary HUN"]
[Date "2025.03.02"]
[Round "6.10"]
[White "Meszaros-Csonka, David"]
[Black "Foldes, Marton Gabor"]
[Result "0-1"]
[WhiteElo "1936"]
[BlackElo "2167"]
[WhiteTeam "Duocor-Makoi SVSE"]
[BlackTeam "Aquarena Kobanya SC"]
[WhiteFideId "17012775"]
[BlackFideId "794708"]
[EventDate "2024.11.02"]
[EventType "team-tourn"]

1. d4 Nf6 2. Bg5 d5 3. Bxf6 exf6 4. e3 Bd6 5. c4 dxc4 6. Bxc4 O-O 7. Nc3 f5 8.
Nf3 Nd7 9. O-O c6 10. Qc2 Nf6 11. Rfd1 Qe7 12. a3 Bd7 13. d5 Rac8 14. dxc6 Bxc6
15. Be2 Ne4 16. Nxe4 Bxe4 17. Qd2 Rfd8 18. Qa5 Rc2 19. Nd4 Rxb2 20. Bf3 Bxh2+
21. Kf1 Qh4 22. Ne2 Bd3 23. g3 Bxg3 24. Rxd3 Rxd3 25. Qxf5 Rbd2 26. Nxg3 g6 27.
Qe5 Qh3+ 28. Kg1 Qe6 29. Qb8+ Rd8 30. Qxb7 R2d7 31. Qb4 Qf6 32. Rd1 Rxd1+ 33.
Bxd1 Rxd1+ 34. Kg2 Qc6+ 35. e4 Rd8 36. Qa5 Qb6 37. Qg5 f6 38. Qg4 Kf7 39. Qh4 h5
40. Qf4 Kg7 41. e5 Rd4 42. exf6+ Qxf6 43. Qc7+ Kh6 44. Qxa7 h4 45. Ne2 Rg4+ 0-1

[Event "TCh-HUN 2024-25"]
[Site "Hungary HUN"]
[Date "2025.03.02"]
[Round "6.1"]
[White "Jobava, Baadur"]
[Black "Stankovic, Milos"]
[Result "1-0"]
[WhiteTitle "GM"]
[BlackTitle "IM"]
[WhiteElo "2587"]
[BlackElo "2471"]
[WhiteTeam "Kekesi SE"]
[BlackTeam "Maroczy SE"]
[WhiteFideId "13601520"]
[BlackFideId "938190"]
[EventDate "2024.11.02"]
[EventType "team-tourn"]

1. e4 e5 2. Nf3 Nc6 3. d4 exd4 4. Nxd4 Nf6 5. Nxc6 bxc6 6. Bd3 d5 7. exd5 cxd5
8. O-O Be7 9. h3 O-O 10. Nd2 c5 11. b3 a5 12. a4 Qc7 13. Re1 Be6 14. Bb2 Rad8
15. Be5 Qb6 16. Rb1 Nd7 17. Qh5 h6 18. Bf4 Nf6 19. Qf3 Qb4 20. Bb5 Nh5 21. Bc7
Rc8 22. c3 Qh4 23. Bxa5 Bd6 24. Bf1 Qg5 25. c4 Nf4 26. Kh1 Qg6 27. cxd5 Bxd5 28.
Qg4 Nd3 29. Qxg6 Nxf2+ 30. Kg1 fxg6 31. Bc4 Bxc4 32. Nxc4 Bc7 33. Bxc7 Rxc7 34.
Ne5 Rf5 35. a5 Re7 36. Nxg6 Rxe1+ 37. Rxe1 Nxh3+ 38. Kh2 Kh7 39. Ne7 1-0

[Event "TCh-HUN 2024-25"]
[Site "Hungary HUN"]
[Date "2025.03.02"]
[Round "6.2"]
[White "Palkovi, Jozsef"]
[Black "Horvath, Jozsef1"]
[Result "1/2-1/2"]
[WhiteTitle "IM"]
[BlackTitle "GM"]
[WhiteElo "2376"]
[BlackElo "2393"]
[WhiteTeam "Maroczy SE"]
[BlackTeam "Kekesi SE"]
[WhiteFideId "700150"]
[BlackFideId "700061"]
[EventDate "2024.11.02"]
[EventType "team-tourn"]

1. e4 d6 2. d4 Nf6 3. Nc3 g6 4. g3 Bg7 5. Bg2 O-O 6. Nge2 e5 7. h3 c6 8. a4 a5
9. O-O Na6 10. Re1 Nb4 11. Be3 Be6 12. Qd2 Qc8 13. Kh2 d5 14. exd5 Nfxd5 15.
Nxd5 Bxd5 16. c3 Bxg2 17. Kxg2 Nd5 18. Bh6 Bxh6 19. Qxh6 Re8 20. dxe5 Rxe5 21.
Nf4 Qf5 22. Nxd5 Rxd5 23. Re7 Rd7 24. Rae1 Rxe7 25. Rxe7 Qd5+ 26. Kh2 Qb3 27.
Qf4 Rf8 28. Re2 Qd1 29. Rd2 Qb3 30. h4 h5 31. g4 hxg4 32. Qxg4 Kg7 33. Kg2 Re8
34. Rd7 b5 35. axb5 cxb5 36. Qd4+ Kg8 37. Rb7 Qxb2 38. Qd5 Rf8 39. h5 Qxc3 40.
hxg6 Qg7 41. Rb6 a4 42. Qg5 a3 43. Qd5 b4 44. f3 Kh8 45. Qh5+ Kg8 46. Qd5 Kh8
47. Qh5+ Kg8 48. Qd5 1/2-1/2

[Event "TCh-HUN 2024-25"]
[Site "Hungary HUN"]
[Date "2025.03.02"]
[Round "6.3"]
[White "Brunello, Sabino"]
[Black "Peczely, Sebastian Zsombor"]
[Result "1-0"]
[WhiteTitle "GM"]
[BlackTitle "FM"]
[WhiteElo "2518"]
[BlackElo "2306"]
[WhiteTeam "Kekesi SE"]
[BlackTeam "Maroczy SE"]
[WhiteFideId "813613"]
[BlackFideId "750964"]
[EventDate "2024.11.02"]
[EventType "team-tourn"]

1. d4 f5 2. g3 Nf6 3. Bg2 e6 4. Nf3 Be7 5. O-O O-O 6. c4 Ne4 7. Nbd2 d5 8. Ne5
Nd7 9. Nd3 Nxd2 10. Bxd2 dxc4 11. Nf4 Nb6 12. e4 Qxd4 13. exf5 exf5 14. Qe2 Qd8
15. Rad1 Bd6 16. Rfe1 Bd7 17. Ne6 Bxe6 18. Qxe6+ Kh8 19. Bxb7 Rb8 20. Bc6 Rf6
21. Qe2 Qf8 22. Bc3 Rf7 23. Qh5 Nd7 24. Re6 Nf6 25. Qxf5 Ng8 26. Qc2 Bc5 27. Rd2
Re7 28. Rxe7 Nxe7 29. Be4 h6 30. Kg2 Rd8 31. f3 c6 32. Qd1 Bb6 33. h4 Kg8 34. a4
Rxd2+ 35. Qxd2 Nf5 36. Qd7 Ne3+ 37. Kh3 Qf7 38. Qc8+ 1-0

[Event "TCh-HUN 2024-25"]
[Site "Hungary HUN"]
[Date "2025.03.02"]
[Round "6.4"]
[White "Tesik, Csaba"]
[Black "Bakos, Balazs"]
[Result "1/2-1/2"]
[WhiteTitle "FM"]
[BlackTitle "FM"]
[WhiteElo "2290"]
[BlackElo "2380"]
[WhiteTeam "Maroczy SE"]
[BlackTeam "Kekesi SE"]
[WhiteFideId "735582"]
[BlackFideId "725773"]
[EventDate "2024.11.02"]
[EventType "team-tourn"]

1. e4 d5 2. exd5 Qxd5 3. Nc3 Qd8 4. Bc4 c5 5. Nf3 Nc6 6. O-O Nf6 7. h3 e6 8. d3
Be7 9. Re1 O-O 10. a4 b6 11. Bf4 Bb7 12. Ne5 Nxe5 13. Bxe5 Bd6 14. d4 cxd4 15.
Bxd4 Rc8 16. Bd3 Bb4 17. Re3 Bc5 18. Bxc5 Rxc5 19. Qe2 Rg5 20. Ne4 Bxe4 21. Bxe4
Nxe4 22. Rxe4 Rd5 23. Qa6 Qc7 24. c3 Rfd8 25. Rae1 Rd2 26. R4e2 h6 27. g3 R8d5
28. Rxd2 Rxd2 29. Qb5 Kh7 30. h4 Qc5 31. Qxc5 bxc5 32. Re5 Rxb2 33. Rxc5 Kg6 34.
Rc7 Rc2 35. Rxa7 1/2-1/2

[Event "TCh-HUN 2024-25"]
[Site "Hungary HUN"]
[Date "2025.03.02"]
[Round "6.5"]
[White "Istvanovszki, Martin"]
[Black "Papp, Bence"]
[Result "0-1"]
[WhiteTitle "FM"]
[BlackTitle "FM"]
[WhiteElo "2310"]
[BlackElo "2244"]
[WhiteTeam "Kekesi SE"]
[BlackTeam "Maroczy SE"]
[WhiteFideId "726958"]
[BlackFideId "788384"]
[EventDate "2024.11.02"]
[EventType "team-tourn"]

1. d4 Nf6 2. Nc3 d5 3. Bf4 e6 4. Nb5 Bb4+ 5. c3 Ba5 6. e3 a6 7. Na3 Qe7 8. Nc2
c5 9. Nf3 Ne4 10. Bd3 Nc6 11. Bxe4 dxe4 12. Ne5 Nxe5 13. Bxe5 f6 14. Bg3 O-O 15.
Qh5 e5 16. dxe5 f5 17. O-O Bc7 18. Rfd1 Be6 19. Rd2 Rad8 20. Rd6 Bxd6 21. exd6
Qf7 22. Qg5 h6 23. Qe7 Bxa2 24. Qxf7+ Bxf7 25. Ra5 Bb3 26. Na1 b6 27. Rxa6 Bd1
28. Kf1 Ra8 29. Ra3 Rxa3 30. bxa3 Ra8 31. Ke1 Ba4 32. Kd2 Kf7 33. c4 Ke6 34. h4
g5 35. Kc3 Bd1 36. Kb2 Ra4 37. hxg5 hxg5 38. d7 Kxd7 39. Be5 Rxc4 40. Bf6 g4 41.
Bg7 b5 42. Bc3 b4 43. axb4 cxb4 44. Bg7 Rc6 45. g3 Ke6 0-1

[Event "TCh-HUN 2024-25"]
[Site "Hungary HUN"]
[Date "2025.03.02"]
[Round "6.6"]
[White "Tubak, Daniel"]
[Black "Bohati, Tamas"]
[Result "1/2-1/2"]
[WhiteElo "2240"]
[BlackElo "2223"]
[WhiteTeam "Maroczy SE"]
[BlackTeam "Kekesi SE"]
[WhiteFideId "758582"]
[BlackFideId "714810"]
[EventDate "2024.11.02"]
[EventType "team-tourn"]

1. Nf3 Nf6 2. g3 g6 3. Bg2 Bg7 4. c4 O-O 5. O-O Nc6 6. Nc3 d5 7. cxd5 Nxd5 8.
Qb3 Nb6 9. d3 Bg4 10. Be3 e5 11. Rac1 Be6 12. Qc2 Nd4 13. Bxd4 exd4 14. Ne4 c6
15. Nc5 Bc8 16. Qb3 Qe7 17. a4 Nd5 18. a5 Nc3 19. bxc3 Qxc5 20. a6 Be6 21. Qb4
Qxb4 22. cxb4 Rab8 23. axb7 Bd5 24. Nh4 Rxb7 25. Ra1 Re8 26. Bxd5 cxd5 27. Ra2
Rxb4 28. Rc1 Rb7 29. Nf3 Bf6 30. Kf1 Kg7 31. Rc5 Ree7 32. Rxd5 Red7 1/2-1/2

[Event "TCh-HUN 2024-25"]
[Site "Hungary HUN"]
[Date "2025.03.02"]
[Round "6.7"]
[White "Blasko, Istvan"]
[Black "Zakarias, David"]
[Result "1/2-1/2"]
[WhiteTitle "IM"]
[BlackTitle "FM"]
[WhiteElo "2259"]
[BlackElo "2303"]
[WhiteTeam "Kekesi SE"]
[BlackTeam "Maroczy SE"]
[WhiteFideId "718181"]
[BlackFideId "718378"]
[EventDate "2024.11.02"]
[EventType "team-tourn"]

1. d4 d5 2. c4 e6 3. Nf3 Nf6 4. Nc3 dxc4 5. e3 a6 6. a4 b6 7. Bxc4 Bb7 8. O-O
Bb4 9. Qe2 Nbd7 10. Rd1 Qe7 11. d5 exd5 12. Nxd5 Nxd5 13. Bxd5 Bxd5 14. Rxd5 O-O
15. Bd2 Bd6 16. Bc3 Nf6 17. Bxf6 Qxf6 18. Rad1 Rfe8 19. b3 g6 20. e4 Re6 21. e5
Rae8 22. Qxa6 Bxe5 23. Nxe5 Rxe5 24. Rxe5 Qxe5 25. Qc4 Qe2 26. Qxe2 Rxe2 27. Kf1
Rb2 28. Rd3 h5 29. Rc3 c5 30. a5 bxa5 31. Rxc5 Ra2 32. g3 Kf8 33. Rc7 1/2-1/2

[Event "TCh-HUN 2024-25"]
[Site "Hungary HUN"]
[Date "2025.03.02"]
[Round "6.8"]
[White "Kocsmar, Akos"]
[Black "Mede, Istvan"]
[Result "1-0"]
[BlackTitle "FM"]
[WhiteElo "2203"]
[BlackElo "2141"]
[WhiteTeam "Maroczy SE"]
[BlackTeam "Kekesi SE"]
[WhiteFideId "783889"]
[BlackFideId "711535"]
[EventDate "2024.11.02"]
[EventType "team-tourn"]

1. d4 Nf6 2. c4 g6 3. Nc3 Bg7 4. e4 d6 5. h3 O-O 6. Be3 e5 7. d5 Na6 8. g4 Nc5
9. f3 a5 10. Qd2 c6 11. Nge2 a4 12. Ng3 h5 13. Bg5 h4 14. Nge2 Qb6 15. Nc1 cxd5
16. cxd5 Nh7 17. Bxh4 f5 18. gxf5 gxf5 19. Nd3 fxe4 20. Nxc5 e3 21. Qxe3 dxc5
22. Be7 Rf7 23. Bxc5 Qxb2 24. Rb1 Qc2 25. Rg1 Qh2 26. d6 Be6 27. Rg2 Qh1 28. Ne4
Bxh3 29. Rg1 Qh2 30. Bc4 Bd7 31. Rxb7 Qh3 32. Bxf7+ Kxf7 33. Ng5+ Nxg5 34. Qxg5
Bf6 35. Rxd7+ 1-0

[Event "TCh-HUN 2024-25"]
[Site "Hungary HUN"]
[Date "2025.03.02"]
[Round "6.9"]
[White "Onodi, Miklos"]
[Black "Kopasz, Robert"]
[Result "0-1"]
[BlackTitle "FM"]
[WhiteElo "2080"]
[BlackElo "2227"]
[WhiteTeam "Kekesi SE"]
[BlackTeam "Maroczy SE"]
[WhiteFideId "795739"]
[BlackFideId "707708"]
[EventDate "2024.11.02"]
[EventType "team-tourn"]

1. d4 Nf6 2. Nf3 g6 3. g3 Bg7 4. Bg2 O-O 5. O-O d6 6. b3 Nc6 7. Bb2 e5 8. dxe5
Ng4 9. Qc1 Ncxe5 10. Nxe5 Nxe5 11. c4 Rb8 12. Nc3 Bd7 13. Qd2 Bc6 14. Nd5 a6 15.
Rac1 Re8 16. Rfd1 h5 17. c5 dxc5 18. Rxc5 Qd6 19. Rc2 Bxd5 20. Bxd5 Qe7 21. Qa5
c6 22. Bg2 Rbd8 23. Rcd2 Rxd2 24. Rxd2 Ng4 25. Bxg7 Kxg7 26. h3 Nf6 27. Qc3 Rd8
28. Rxd8 Qxd8 29. g4 Kg8 30. gxh5 Nxh5 31. e3 Qd6 32. b4 Nf6 33. Qc4 Nd7 34. Qc3
Ne5 35. Qb3 Kf8 36. Qc3 Kg8 37. Qd4 Qxd4 38. exd4 Nd3 39. a3 Nf4 40. Bf1 Ne6 41.
h4 Nxd4 42. Bh3 f5 43. a4 Kf7 44. f4 Ne2+ 45. Kf2 Nxf4 46. Bf1 Kf6 47. b5 cxb5
48. axb5 a5 49. Ke3 Ke5 50. b6 Nd5+ 51. Kd3 Nxb6 52. Bg2 Nd7 53. Bxb7 Nc5+ 0-1

[Event "TCh-HUN 2024-25"]
[Site "Hungary HUN"]
[Date "2025.03.02"]
[Round "6.10"]
[White "Markus, Molli Amina"]
[Black "Kovacs, Veronika"]
[Result "1-0"]
[WhiteTitle "WCM"]
[WhiteElo "1862"]
[BlackElo "1836"]
[WhiteTeam "Maroczy SE"]
[BlackTeam "Kekesi SE"]
[WhiteFideId "789470"]
[BlackFideId "796344"]
[EventDate "2024.11.02"]
[EventType "team-tourn"]

1. Nf3 g6 2. e4 Bg7 3. d4 d6 4. Bc4 Nf6 5. Qe2 e6 6. O-O O-O 7. Re1 d5 8. e5
dxc4 9. exf6 Bxf6 10. Bh6 Bg7 11. Bxg7 Kxg7 12. Qxc4 Nc6 13. Nbd2 Qd5 14. Qd3
Ne7 15. c4 Qd8 16. Ne4 Nf5 17. Qc3 f6 18. b4 c6 19. a4 a6 20. Re2 b6 21. h3 Nd6
22. Nfd2 Nxe4 23. Nxe4 Ra7 24. Rd2 Re7 25. c5 b5 26. axb5 axb5 27. Nd6 Rd7 28.
Ra8 Qc7 29. Re2 Rdd8 30. Qg3 Qd7 31. Qb3 Bb7 32. Ra7 Rb8 33. Qxe6 Rfd8 34. Qe7+
Kg8 35. Nxb7 Qxe7 36. Rxe7 1-0

[Event "TCh-HUN 2024-25"]
[Site "Hungary HUN"]
[Date "2025.05.09"]
[Round "7.1"]
[White "Sjugirov, Sanan"]
[Black "Jobava, Baadur"]
[Result "1/2-1/2"]
[WhiteTitle "GM"]
[BlackTitle "GM"]
[WhiteElo "2649"]
[BlackElo "2587"]
[WhiteTeam "Sentimento Ajka BSK"]
[BlackTeam "Kekesi SE"]
[WhiteFideId "4189302"]
[BlackFideId "13601520"]
[EventDate "2024.11.02"]

1. e4 e6 2. d4 d5 3. Nc3 dxe4 4. Nxe4 Bd7 5. Nf3 Bc6 6. Bd3 Nd7 7. c3 h6 8. O-O
Ngf6 9. Ned2 Be7 10. Nc4 Be4 11. Bxe4 Nxe4 12. d5 exd5 13. Qxd5 Nec5 14. b4 c6
15. Qf5 Ne6 16. Rd1 Qc8 17. Nd6+ Bxd6 18. Rxd6 O-O 19. Bxh6 gxh6 20. Rxe6 fxe6
21. Qg6+ Kh8 22. Qxh6+ Kg8 23. Qg6+ Kh8 24. Qh6+ Kg8 25. Qg6+ Kh8 26. Qh6+ Kg8 1/2-1/2

[Event "TCh-HUN 2024-25"]
[Site "Hungary HUN"]
[Date "2025.05.09"]
[Round "7.2"]
[White "Horvath, Jozsef1"]
[Black "Banusz, Tamas"]
[Result "0-1"]
[WhiteTitle "GM"]
[BlackTitle "GM"]
[WhiteElo "2393"]
[BlackElo "2576"]
[WhiteTeam "Kekesi SE"]
[BlackTeam "Sentimento Ajka BSK"]
[WhiteFideId "700061"]
[BlackFideId "722413"]
[EventDate "2024.11.02"]

1. c4 Nf6 2. Nc3 e5 3. Nf3 Nc6 4. a3 g6 5. d3 Bg7 6. e3 O-O 7. Be2 Re8 8. Qc2 d6
9. h3 Bf5 10. e4 Bd7 11. O-O a5 12. Rb1 Nd4 13. Nxd4 exd4 14. Nb5 a4 15. Bg5
Bxb5 16. cxb5 Re5 17. f4 Rc5 18. Qd2 h6 19. Bh4 Nxe4 20. dxe4 Qxh4 21. Rbc1 Rxc1
22. Rxc1 d3 23. Bxd3 Bd4+ 24. Kh1 Qg3 25. Bc4 Be3 26. Qd3 Rf8 27. Bd5 Qxf4 28.
Rf1 Qg5 29. Bxb7 Bc5 30. Bd5 Qe5 31. b3 axb3 32. Qxb3 Kg7 33. a4 f5 34. exf5
Rxf5 35. Bf3 d5 36. Rd1 Bd6 37. Kg1 Bc5+ 38. Kf1 Qg3 39. Qc3+ d4 40. Qd3 Re5 41.
Rc1 h5 42. a5 g5 43. b6 cxb6 44. axb6 g4 45. hxg4 hxg4 46. b7 gxf3 47. Qxf3
Qxf3+ 48. gxf3 Ba7 49. Ra1 Bb8 50. Rd1 Rd5 51. Ke2 Rd7 52. Kd3 Rxb7 53. Rg1+ Kf7
54. Rh1 Be5 55. f4 Bg7 56. f5 Rb3+ 57. Ke4 Re3+ 58. Kf4 Be5+ 59. Kg4 Rg3+ 60.
Kh4 Kf6 61. Rf1 Rg8 62. Rf3 Rd8 0-1

[Event "TCh-HUN 2024-25"]
[Site "Hungary HUN"]
[Date "2025.05.09"]
[Round "7.3"]
[White "Prohaszka, Peter2"]
[Black "Brunello, Sabino"]
[Result "1-0"]
[WhiteTitle "GM"]
[BlackTitle "GM"]
[WhiteElo "2545"]
[BlackElo "2518"]
[WhiteTeam "Sentimento Ajka BSK"]
[BlackTeam "Kekesi SE"]
[WhiteFideId "726265"]
[BlackFideId "813613"]
[EventDate "2024.11.02"]

1. d4 Nf6 2. Nf3 d5 3. Bf4 c5 4. e3 Nc6 5. Be2 Bg4 6. Nbd2 e6 7. O-O Bd6 8. dxc5
Bxc5 9. c4 O-O 10. Rc1 Be7 11. h3 Bh5 12. a3 a5 13. Bh2 a4 14. cxd5 Nxd5 15. Nc4
Bg6 16. Nfe5 Nxe5 17. Nxe5 Bd6 18. Nxg6 Bxh2+ 19. Kxh2 hxg6 20. Qd4 b5 21. Rc5
Qd6+ 22. g3 Rfd8 23. Bf3 Rac8 24. Rfc1 Rxc5 25. Rxc5 Qb8 26. Bxd5 Rxd5 27. Rxd5
exd5 28. Qxd5 Qb6 29. Kg2 Kf8 30. Qd7 f6 31. Qd5 g5 32. Kf3 Ke7 33. Ke2 Qa6 34.
Kf3 Qb6 35. h4 gxh4 36. gxh4 g6 37. Ke2 Kf8 38. f4 Kg7 39. f5 gxf5 40. Qxf5 Qc6
41. Kf2 Qd6 42. Qxb5 Qh2+ 43. Kf3 Qxh4 44. Ke2 Qe4 45. Qd7+ Kh6 46. Qd4 Qc2+ 47.
Kf3 Kg7 48. Qd7+ Kf8 49. Qd4 Kg7 50. Qc3 Qd1+ 51. Ke4 Kg6 52. Qd3 f5+ 53. Kd4
Qc1 54. Qc3 Qd1+ 55. Ke5 Qd7 56. Qd4 Qe7+ 57. Kd5 Qd7+ 58. Kc5 Qe8 59. Kc4 Qe6+
60. Kb4 Qe8 61. b3 axb3 62. Kxb3 Qb5+ 63. Kc3 Qa5+ 64. Kb2 Qb5+ 65. Ka2 Qe2+ 66.
Kb3 Qb5+ 67. Kc3 Qa5+ 68. Qb4 Qe5+ 69. Kd2 Qd5+ 70. Kc1 Qd3 71. Qc5 f4 72. Qc2
Qxc2+ 73. Kxc2 Kf5 74. a4 1-0